000 004720000a22001690004500
003 MACL
005 20160803142054.0
008 160803b xxu||||| |||| 00| 0 eng d
040 _aMACL
_cMACL
041 _aEnglish
082 _a954 FUL
100 _aFuller, J F C
_966047
245 _aThe Decisive Battles of The Western World
_bAnd their influence upon history
260 _bEyre & Spotteswoode
_c1956
_aLondon
650 _aHistory
_966056
942 _cBK
_k954/FUL
_2ddc
999 _c34488
_d34488